000 01361nam a2200217Ia 4500
003 OSt
005 20210806143305.0
008 210310s1945 sp fr 000 0 spa d
040 _aCO-JMCR
_cCO-JMCR
041 1 _aspa
_hfre
082 0 4 _a332.49 /
_bR597h
_223
100 1 _aRist, Charles,
_916717
_eautor
245 1 0 _aHistoria de las doctrinas relativas al crédito y a la moneda :
_bdesde John Law hasta la actualidad /
_cCharles Rist
260 _aBarcelona :
_bBosch Casa Editorial,
_c1945
300 _a498 páginas ;
_c22 cm.
500 _aIncluye notas a pie de página.
505 0 _aConfusión del crédito y la moneda de la economía política del siglo XVIII -- La acción de los metales preciosos sobre el nivel de los precios y sobre el tipo de interés según las doctrinas del siglo XVIII -- Thornton, Ricardo y el "Bullion Report" -- El historiador Tooke y el lógico Ricardo -- Tooke, creador de la doctrina del crédito. Controversia del "Currency" y del "Banking Principles" -- Producción de oro y movimiento de los precios (1850-1936) -- Mecanismos de acción del oro y del tipo de descuento sobre los precios -- La teoría general de la moneda a principios del siglo XX -- La teoría de los Bancos centrales de emisión
546 _aTraducido del francés.
650 1 4 _aEl crédito y la moneda
_916719
_zFrancia
942 _2ddc
_cBK
999 _c8239
_d8239